| 000 | 02249cam a22005294i 4500 | ||
|---|---|---|---|
| 003 | PE-LiUPU | ||
| 005 | 20250731173544.0 | ||
| 008 | 150616s1943 r 000 0 d | ||
| 035 | _a(Sirsi) a9218 | ||
| 040 |
_aPE-LiUPU _bspa _cPE-LiUPU _erda |
||
| 049 | _aPRUA | ||
| 050 |
_aBX6146 _b.C83 |
||
| 082 | 0 | 4 |
_a286.7325 _bCMi _221 |
| 100 | 1 |
_aWhite, Elena G. de, _eautor. |
|
| 245 | 1 | 0 |
_aCounsels to parents, teachers, and students / _cElena G. de White. |
| 264 | 1 |
_aMountain View, California : _bPacific Press Publishing Association, _c1943. |
|
| 300 |
_a575 páginas ; _c18 centímetros |
||
| 336 |
_atext _2rdacontent |
||
| 337 |
_aunmediated _2rdamedia |
||
| 338 |
_avolume _2rdacarrier |
||
| 505 | 0 | _aThe higher education -- The aim of our schools -- General principles -- The home school -- The church school -- The intermediate school -- The teacher and the work -- Study and labor -- Recreation. | |
| 526 | _aSEG42 | ||
| 526 | _aSEG41 | ||
| 526 | _aSEG40 | ||
| 526 | _aSEG39 | ||
| 526 | _aP94 | ||
| 526 | _aP87 | ||
| 526 | _aP86 | ||
| 526 | _aP85 | ||
| 526 | _aP77 | ||
| 526 | _aP76 | ||
| 526 | _aP35 | ||
| 650 | 0 | 4 |
_aEducación adventista _xMaestros. |
| 910 |
_ajck _bjvq _cjck |
||
| 910 |
_adbm _bjpc _cjpc _d20190523 |
||
| 942 |
_2ddc _cBOOK |
||
| 994 |
_aC0 _bPEPRU |
||
| 596 | _a1 4 | ||
| 999 |
_a286.7325 CMI _wDEWEY _c60648 _i04912 _f2019-12-11 _g5 _lDISCARD _mBUL _p7.00 _r0 _sY _tBOOK _u2015-6-16 _xTEOLOGIA _PP35 _0COMPRA _o.STAFF. Colección Teología _d60648 |
||
| 999 |
_a286.7325 CMI _wDEWEY _c2 _i46351 _f2021-11-11 _g6 _lCCODEBUL1 _mBUL _p7.00 _r0 _sY _tBOOK _u2015-4-23 _xTEOLOGIA _PP35 _0COMPRA _o.STAFF. Colección Teología |
||
| 999 |
_a286.7325 CMI _wDEWEY _c4 _i76011 _d2019-6-14 _e2019-6-13 _f2021-11-11 _g5 _lCCODEBUL1 _mBUL _n2 _p7.00 _q1 _r0 _sY _tBOOK _u2017-5-26 _xTEOLOGIA _PP85 _0DONACION _o.STAFF. Colección Teología |
||
| 999 |
_a286.7325 CMI _wDEWEY _c1 _iCW50687 _f2021-12-21 _g2 _lCCODECWL1 _mBWL _p25.00 _r1 _sY _tBOOK _u2015-4-23 _xWHITE _zUNKNOWN _0COMPRA _o.STAFF. Centro White |
||
| 980 |
_81 _gALBERTO SANCHEZ Responsable de Automatización |
||